00720nam a2200253 i 450000100060000000300090000600500170001500700030003200800410003502000180007604000220009408000110011610000200012724500990014725000120024626000360025830000330029449000210032765000160034870000190036470000290038383000210041285200330043315890ES-MaACL20230906151201.0t|000516s1998 sp ||||0| spa j a84-8310-608-6 aM-BN bspa cM-BN a613.881 aMargulis, Lynn.10a¿Qué es el sexo? / cLynn Margulis y Dorion Sagan ; [traducción, Ambrosio García Leal]. a1ª ed. aBarcelona : bTusquets, c1998. a256 p : bil. col ; c26 cm.1 aMetatemas ; v55 4aSexualidad.1 aSagan, Dorion.1 aGarcía Leal, Ambrosio.0 aMetatemas ; v55 aES-MaACLjL-22823 bR.128023